Les contrats commerciaux
Gorde:
| Egile nagusia: | |
|---|---|
| Formatua: | Liburua |
| Hizkuntza: | frantsesa |
| Argitaratua: |
París
Sirey
1953
|
| Saila: | Traité Théorique et Pratique de Droit Commercial
|
| Gaiak: | |
| Etiketak: |
Etiketa erantsi
Etiketarik gabe, Izan zaitez lehena erregistro honi etiketa jartzen!
|
MARC
| LEADER | 00000nam a2200000 a 4500 | ||
|---|---|---|---|
| 001 | UCS1861 | ||
| 003 | CL-VaPUC | ||
| 008 | 970515e19530000FR |||||||||||||||||fre|d | ||
| 082 | 0 | 4 | |a 346.024 |b HEM |2 21 |
| 100 | 0 | |a Hémard, Jean |e author |9 386713 | |
| 245 | 1 | 4 | |a Les contrats commerciaux |
| 300 | |a v | ||
| 942 | |c BK | ||
| 945 | |d 19970515 00:00:00 |a paguirre | ||
| 260 | |a París |b Sirey |c 1953 | ||
| 650 | 0 | |a Derecho comercial |9 256340 | |
| 650 | 0 | |a Contratos |9 255153 | |
| 650 | 7 | |a CONTRATO DE TRANSPORTE |2 CL-VaPUC |9 386661 | |
| 650 | 0 | |a Contratos comerciales |9 374028 | |
| 583 | |a last modification |c 19970515 00:00:00 |k Rodrigo Vera | ||
| 490 | 0 | |a Traité Théorique et Pratique de Droit Commercial | |
| 999 | |c 259893 |d 259891 | ||
| 952 | |0 0 |1 0 |4 0 |6 346_024000000000000_HEM_1953 |7 0 |8 X |9 285399 |a BIBDER |b BIBDER |d 2019-11-19 |h v.1 |i 1855115 |o 346.024 HEM 1953 |p 1855115 |r 2023-01-25 |w 2019-11-19 |y BK_X |k DER | ||
| 952 | |0 0 |1 0 |4 0 |6 346_024000000000000_HEM_1953 |7 0 |8 X |9 285400 |a BIBDER |b BIBDER |d 2019-11-19 |h v.2 |i 1855123 |o 346.024 HEM 1953 |p 1855123 |r 2023-01-25 |w 2019-11-19 |y BK_X |k DER | ||